[Event "Irish International Open 2019"]
[Site "Dublin"]
[Date "2019.04.18"]
[Round "3.27"]
[White "Schmitz, Andreas Arnold"]
[Black "Goss, Alex"]
[Result "1-0"]
[WhiteElo "2003"]
[BlackElo "1765"]
[Annotator "NA"]
[PlyCount "51"]
[EventDate "2019.02.28"]
[EventType "swiss"]
[EventCountry "IRL"]
[SourceTitle "playchess.com"]
[Source "ChessBase"]
[SourceQuality "1"]
[TimeControl "5400+30"]

1. e4 {[%emt 0:00:00]} e6 {[%emt 0:00:00]} 2. d4 {[%emt 0:00:00]} d5 {[%emt 0:00:00]} 3. exd5 {[%emt 0:00:00]} exd5 {[%emt 0:00:00]} 4. Nf3 {[%emt 0:00:28]} Bd6 {[%emt 0:00:02]} 5. Be2 {[%emt 0:00:33]} Ne7 {[%emt 0:00:13]} 6. O-O {[%emt 0:00:22]} O-O {[%emt 0:00:05]} 7. b3 {[%emt 0:00:08]} Bf5 {[%emt 0:00:21]} 8. c4 {[%emt 0:00:31]} c6 {[%emt 0:00:07]} 9. Bd3 {[%emt 0:06:02]} Bxd3 {[%emt 0:03:58]} 10. Qxd3 {[%emt 0:00:08]} Nd7 {[%emt 0:00:41]} 11. Nc3 {[%emt 0:02:19]} Rc8 {[%emt 0:02:35]} 12. c5 {[%emt 0:01:16]} Bb8 {[%emt 0:00:22]} 13. b4 {[%emt 0:01:15]} b6 {[%emt 0:04:37]} 14. Bg5 {[%emt 0:01:36]} f6 {[%emt 0:01:11]} 15. Bh4 {[%emt 0:03:15]} Ng6 {[%emt 0:02:41]} 16. Bg3 {[%emt 0:00:23]} Bxg3 {[%emt 0:01:26]} 17. hxg3 {[%emt 0:00:18]} a5 {[%emt 0:00:33]} 18. a3 {[%emt 0:03:07]} Qc7 {[%emt 0:01:16]} 19. Rfe1 {[%emt 0:01:19]} Rfe8 {[%emt 0:00:39]} 20. Re2 {[%emt 0:01:16]} Kf7 {[%emt 0:01:48]} 21. Rae1 {[%emt 0:00:22]} axb4 {[%emt 0:02:22]} 22. axb4 {[%emt 0:00:23]} b5 {[%emt 0:00:56]} 23. Qf5 {[%emt 0:01:58]} Rxe2 {[%emt 0:02:48]} 24. Rxe2 {[%emt 0:00:26]} Ndf8 {[%emt 0:00:21]} 25. Nxb5 {[%emt 0:04:41]} Ne7 {[%emt 0:02:06]} 26. Qxc8 {[%emt 0:08:41]} 1-0

[Event "Irish International Open 2019"]
[Site "Dublin"]
[Date "2019.04.19"]
[Round "4.1"]
[White "Saric, Ante"]
[Black "Hovhannisyan, Mher"]
[Result "1-0"]
[WhiteElo "2530"]
[BlackElo "2462"]
[Annotator "TA"]
[PlyCount "41"]
[EventDate "2019.02.28"]
[EventType "swiss"]
[EventCountry "IRL"]
[SourceTitle "playchess.com"]
[Source "ChessBase"]
[SourceQuality "1"]

{[%evp 20,41,14,15,6,6,14,12,15,0,17,0,23,3,96,100,404,343,347,325,833,826,1021,958]} 1. d4 Nf6 2. c4 ({Predecessor:} 2. Nf3 d5 3. c4 {½-½ (16) Arsovic,G (2368)-Saric,A (2543) Jahorina 2018}) 2... e6 3. Nf3 d5 4. Nc3 c5 5. cxd5 Nxd5 6. e4 Nxc3 7. bxc3 cxd4 8. cxd4 Bb4+ 9. Bd2 Bxd2+ 10. Qxd2 O-O 11. Rc1 {[%cal Ba1c1,Bc1c3,Bc3a3][%mdl 32]} b6 {D41: Queen's Gambit Declined: Semi-Tarrasch with 5 cxd5} 12. Bd3 Bb7 13. O-O Nd7 {The position is equal.} 14. Qf4 $146 (14. Qe3 Nf6 15. Ne5 Qe7 16. Rc3 Rac8 17. Rfc1 Rxc3 18. Rxc3 Rd8 19. f3 {½-½ (32) Shankland,S (2724)-Leko,P (2679) Germany 2019}) 14... Nf6 15. Rc3 Rc8 16. Ra3 $36 {[%mdl 2048] White is more active.} a6 (16... a5 $11 {remains equal.}) 17. e5 $1 $16 {[%cal Re5f6]} Nd5 $2 {[%mdl 8192] [#]} (17... Nh5 $16 18. Qe3 Bxf3 19. Qxf3 g6) 18. Bxh7+ $1 $18 {[%mdl 512]} Kh8 (18... Kxh7 19. Ng5+) 19. Qg3 {Hoping for Ng5.} g6 $2 {[#]} (19... Nc3 20. Bd3 Kg8) 20. Ng5 $1 {Threatening mate with Bxg6!} Rc3 {[#]} 21. Rxc3 {Played: Qg3-h4} 1-0

[Event "Irish International Open 2019"]
[Site "Dublin"]
[Date "2019.04.19"]
[Round "4.2"]
[White "Strikovic, Aleksa"]
[Black "Burg, Twan"]
[Result "1/2-1/2"]
[WhiteElo "2493"]
[BlackElo "2519"]
[Annotator "TA"]
[PlyCount "53"]
[EventDate "2019.02.28"]
[EventType "swiss"]
[EventCountry "IRL"]
[SourceTitle "playchess.com"]
[Source "ChessBase"]
[SourceQuality "1"]

{[%evp 11,53,-9,-7,0,-6,-15,-11,-14,-6,-27,-25,-32,-32,-32,-38,-29,-17,-31,-30,-31,-30,-42,-22,-55,-50,-55,-62,-107,-51,-51,-38,-39,-21,-106,-51,-51,-51,-51,-51,-51,-51,-97,-51,-49]} 1. c4 e5 2. Nc3 Nf6 3. Nf3 Nc6 4. d4 exd4 5. Nxd4 Bb4 6. g3 Ne5 7. Qb3 {A28: English Opening: Four Knights Variation} Qe7 {[#] Threatens to win with ...Nd3+.} (7... Bc5 8. Be3 d6 9. Na4 O-O 10. Nxc5 dxc5 11. Nf3 Nxf3+ 12. exf3 b6 13. Bg2 Bb7 14. O-O Qd6 {1-0 (65) Heimann,A (2578)-Studer,N (2478) Balatonszarszo 2017}) 8. Be3 {And now Nf5 would win.} Bxc3+ 9. Qxc3 {The position is equal.} d5 {Black wants to play ...c5.} 10. cxd5 Nxd5 11. Qb3 Nxe3 12. Qxe3 Qb4+ 13. Qd2 $146 ({Predecessor:} 13. Qc3 Qxc3+ 14. bxc3 Bd7 {½-½ (60) Dimitrov,R (2445)-Ebeling,D (2365) Warsaw 2013}) 13... Qxd2+ 14. Kxd2 Bd7 15. Bg2 O-O-O {...c5 is the strong threat.} 16. Kc3 c5 $36 {[%mdl 2048] Black has good play.} 17. Nb3 b6 18. a4 a5 19. Nd2 Kc7 (19... Be6 $17 20. Nf3 Nxf3 21. Bxf3 Rd4) 20. Rhd1 $15 Rhe8 21. h3 $1 Bc8 22. Nf3 (22. Nf1 $11 {remains equal.}) 22... Rxd1 (22... Nd7 $17 23. Ng1 Nf6) 23. Rxd1 Nxf3 24. Bxf3 Bxh3 25. g4 {[#] Hoping for Rh1.} f5 26. g5 $1 f4 27. Rh1 {Accuracy: White = 62%, Black = 61%.} 1/2-1/2

[Event "Irish International Open 2019"]
[Site "Dublin"]
[Date "2019.04.19"]
[Round "4.3"]
[White "Jovanic, Ognjen"]
[Black "Thorfinnsson, Bjorn"]
[Result "1-0"]
[WhiteElo "2515"]
[BlackElo "2399"]
[Annotator "TA"]
[PlyCount "75"]
[EventDate "2019.02.28"]
[EventType "swiss"]
[EventCountry "IRL"]
[SourceTitle "playchess.com"]
[Source "ChessBase"]
[SourceQuality "1"]

{[%evp 18,113,11,0,23,13,17,2,31,34,46,47,66,51,73,0,15,-6,0,0,0,0,0,-33,108,113,130,115,120,104,83,23,23,-2,0,0,0,0,0,0,0,0,0,0,0,-61,-61,-63,-14,-17,0,-72,-52,-62,-67,-71,-69,-85,-82,-435,30,30,39,19,31,0,70,69,54,54,58,72,130,138,116,120,301,305,344,331,329,347,326,225,332,301,455,362,358,405,400,388,411,416,561,551,950,916]} 1. d4 Nf6 2. Nf3 e6 3. e3 b6 4. Bd3 Bb7 5. O-O Be7 6. Nbd2 c5 7. b3 O-O 8. Bb2 Nc6 9. a3 Rc8 10. Qe2 Qc7 {A47: 1 d4 Nf6 2 Nf3 b6: Torre, London and Colle Systems} 11. Rac1 (11. e4 Nxd4 12. Nxd4 cxd4 13. Bxd4 d6 14. a4 Nd7 15. a5 e5 16. Be3 Nc5 17. axb6 axb6 18. c4 {0-1 (53) Stefanova,A (2500)-Kosteniuk,A (2557) Huaian 2017}) 11... cxd4 12. exd4 Qf4 {The position is equal.} 13. c4 $146 ({Predecessor:} 13. g3 Qh6 14. Ba6 Bxa6 15. Qxa6 Rc7 16. Qd3 Rfc8 17. Kg2 Qh5 18. Rfe1 {½-½ (45) Kalous,M (1985)-Paerr,M (2090) Bayern 2013}) 13... Rfe8 14. b4 {[%cal Bb3b4,Bb4b5][%mdl 32]} a5 15. b5 $36 {[%mdl 2048] White is more active.} Nb8 16. Qe5 (16. c5 $16) 16... Bd6 17. Qxf4 (17. Qe3 {is more complex.} Qxe3 18. fxe3 Be7 19. e4 d6 20. e5) 17... Bxf4 18. Rc2 d6 19. g3 Bh6 $1 20. a4 g6 (20... Nbd7 $15 {keeps the upper hand.}) 21. c5 $1 $16 Bxf3 22. Nxf3 dxc5 23. dxc5 Nd5 {White should prevent ...Nb4.} 24. Ba3 ({White should try} 24. c6 $16) 24... bxc5 25. Rxc5 Nb6 26. Ra1 Bf8 27. Rxc8 Rxc8 28. Bb2 N8d7 29. Ra2 Bg7 30. Bxg7 Kxg7 31. Kf1 (31. Nd4 $11) 31... Rc3 $15 32. Ke2 Nc5 33. Bc2 Nd5 {Hoping for ...Nb4.} 34. Ne1 (34. Rb2 $1 $11 {remains equal.}) 34... Kf6 35. Kd2 Ke7 36. Rb2 Ra3 37. b6 {Strongly threatening b7.} Nb4 38. Ng2 {Played: Ne1-d3} 1-0

[Event "Irish International Open 2019"]
[Site "Dublin"]
[Date "2019.04.19"]
[Round "4.4"]
[White "Khairil Asyraf Khairil Annuar, Muhammad"]
[Black "Ruck, Robert"]
[Result "*"]
[WhiteElo "1522"]
[BlackElo "2522"]
[Annotator "TA"]
[PlyCount "37"]
[EventDate "2019.02.28"]
[EventType "swiss"]
[EventCountry "IRL"]
[SourceTitle "playchess.com"]
[Source "ChessBase"]
[SourceQuality "1"]

{[%evp 16,37,-7,-22,-19,-22,-15,-12,-19,-16,-6,-56,-20,-70,-70,-70,-59,-62,-60,-67,-59,-62,-40,-41]} 1. d4 Nf6 2. Nf3 g6 3. e3 Bg7 4. Bd3 c5 5. O-O O-O 6. b3 cxd4 7. exd4 Nc6 8. Bb2 d5 9. a3 Bg4 {D04: Colle System} 10. Nbd2 Rc8 11. h3 Bf5 {The position is equal.} 12. Bxf5 gxf5 13. Ne5 {[#]} e6 $146 ({Predecessor:} 13... Ne4 14. Nxe4 fxe4 15. f4 f5 16. Qd2 {0-1 (32) Rajlich,I (2425)-Sulskis,S (2555) Groningen 1998}) 14. f4 Qb6 {Black is slightly better.} 15. Nxc6 Rxc6 16. Rc1 Rfc8 17. Kh1 Kh8 18. Rf2 Rg8 19. Kh2 {Accuracy: White = 52%, Black = 44%.} *

[Event "Irish International Open 2019"]
[Site "Dublin"]
[Date "2019.04.19"]
[Round "4.5"]
[White "Larino Nieto, David"]
[Black "Epishin, Vladimir"]
[Result "1-0"]
[WhiteElo "2434"]
[BlackElo "2568"]
[Annotator "ChessBase"]
[PlyCount "147"]
[EventDate "2019.02.28"]
[EventType "swiss"]
[EventCountry "IRL"]
[SourceTitle "playchess.com"]
[Source "ChessBase"]
[SourceQuality "1"]
[TimeControl "5400+30"]

1. Nf3 {[%emt 0:00:00]} d5 {[%emt 0:00:16]} 2. b3 {[%emt 0:00:00]} Bg4 {[%emt 0:01:44]} 3. Bb2 {[%emt 0:00:00]} Nd7 {[%emt 0:00:49]} 4. e3 {[%emt 0:01:07]} Ngf6 {[%emt 0:00:47]} 5. h3 {[%emt 0:00:31]} Bh5 {[%emt 0:02:09]} 6. d3 {[%emt 0:00:18]} e6 {[%emt 0:01:29]} 7. g4 {[%emt 0:00:29]} Bg6 {[%emt 0:00:02]} 8. Nh4 {[%emt 0:00:33]} Bb4+ {[%emt 0:01:24]} 9. Nd2 {[%emt 0:10:08]} e5 {[%emt 0:01:43]} 10. Bg2 {[%emt 0:02:34]} c6 {[%emt 0:00:17]} 11. a3 {[%emt 0:01:50]} Bc5 {[%emt 0:02:20]} 12. Qe2 {[%emt 0:09:28]} O-O {[%emt 0:02:16]} 13. Nxg6 {[%emt 0:04:31]} fxg6 {[%emt 0:00:14]} 14. c4 {[%emt 0:01:11]} d4 {[%emt 0:06:00]} 15. O-O {[%emt 0:12:50]} a5 {[%emt 0:01:38]} 16. exd4 {[%emt 0:06:41]} exd4 {[%emt 0:01:52]} 17. Nf3 {[%emt 0:00:20]} Qb6 {[%emt 0:02:54]} 18. b4 {[%emt 0:02:58]} axb4 {[%emt 0:00:29]} 19. axb4 {[%emt 0:00:02]} Rae8 {[%emt 0:06:53]} 20. Qc2 {[%emt 0:04:08]} Bxb4 {[%emt 0:00:19]} 21. Bxd4 {[%emt 0:00:36]} Bc5 {[%emt 0:03:40]} 22. Bc3 {[%emt 0:05:09]} Qc7 {[%emt 0:01:20]} 23. d4 {[%emt 0:03:43]} Bd6 {[%emt 0:00:23]} 24. Qb3 {[%emt 0:00:08]} c5 {[%emt 0:00:43]} 25. d5 {[%emt 0:03:50]} Ne4 {[%emt 0:02:48]} 26. Bb2 {[%emt 0:05:33]} Ne5 {[%emt 0:35:47]} 27. Bxe5 {[%emt 0:00:53]} Bxe5 {[%emt 0:00:05]} 28. Nxe5 {[%emt 0:00:18]} Qxe5 {[%emt 0:04:04]} 29. Bxe4 {[%emt 0:00:36]} Qxe4 {[%emt 0:00:06]} 30. Ra7 {[%emt 0:00:12]} Re7 {[%emt 0:06:37]} 31. Rxb7 {[%emt 0:01:14]} Rxb7 {[%emt 0:00:06]} 32. Qxb7 {[%emt 0:00:02]} Qxc4 {[%emt 0:00:14]} 33. d6 {[%emt 0:00:09]} Qd4 {[%emt 0:03:01]} 34. Qe7 {[%emt 0:07:29]} Qf6 {[%emt 0:02:41]} 35. Qc7 {[%emt 0:01:04]} Qe5 {[%emt 0:00:01]} 36. Rc1 {[%emt 0:01:42]} h5 {[%emt 0:00:25]} 37. Qxc5 {[%emt 0:00:48]} Qxc5 {[%emt 0:00:07]} 38. Rxc5 {[%emt 0:00:04]} Rd8 {[%emt 0:00:05]} 39. Rc6 {[%emt 0:01:15]} hxg4 {[%emt 0:00:10]} 40. hxg4 {[%emt 0:00:01]} Kf7 {[%emt 0:00:25]} 41. Kg2 {[%emt 0:01:16]} Ke6 {[%emt 0:02:36]} 42. d7+ {[%emt 0:07:19]} Kxd7 {[%emt 0:02:49]} 43. Rxg6 {[%emt 0:00:01]} Rg8 {[%emt 0:00:01]} 44. Kg3 {[%emt 0:01:05]} Ke7 {[%emt 0:00:03]} 45. f4 {[%emt 0:00:10]} Kf7 {[%emt 0:00:04]} 46. f5 {[%emt 0:00:05]} Ra8 {[%emt 0:00:11]} 47. Kh4 {[%emt 0:00:12]} Ra7 {[%emt 0:00:13]} 48. Kh5 {[%emt 0:00:22]} Rb7 {[%emt 0:01:18]} 49. Ra6 {[%emt 0:00:03]} Rb5 {[%emt 0:03:12]} 50. Kg5 {[%emt 0:01:08]} Rb4 {[%emt 0:00:31]} 51. Ra5 {[%emt 0:01:49]} Rb6 {[%emt 0:01:36]} 52. Ra7+ {[%emt 0:00:47]} Kg8 {[%emt 0:00:04]} 53. Re7 {[%emt 0:00:25]} Kf8 {[%emt 0:01:06]} 54. Re6 {[%emt 0:00:33]} Rb4 {[%emt 0:00:02]} 55. Kh5 {[%emt 0:00:38]} Rf4 {[%emt 0:00:24]} 56. Re5 {[%emt 0:01:19]} Kf7 {[%emt 0:01:31]} 57. Ra5 {[%emt 0:00:09]} Rb4 {[%emt 0:00:37]} 58. Ra7+ {[%emt 0:00:12]} Kf8 {[%emt 0:01:56]} 59. g5 {[%emt 0:00:18]} Rb6 {[%emt 0:00:27]} 60. Ra8+ {[%emt 0:00:38]} Ke7 {[%emt 0:00:32]} 61. Rc8 {[%emt 0:03:58]} Ra6 {[%emt 0:00:19]} 62. Rh8 {[%emt 0:01:39]} Rb6 {[%emt 0:01:21]} 63. Ra8 {[%emt 0:00:26]} Rc6 {[%emt 0:00:06]} 64. f6+ {[%emt 0:02:10]} gxf6 {[%emt 0:00:03]} 65. g6 {[%emt 0:00:01]} Rc1 {[%emt 0:00:08]} 66. g7 {[%emt 0:00:03]} Rh1+ {[%emt 0:00:10]} 67. Kg6 {[%emt 0:00:02]} Rg1+ {[%emt 0:00:04]} 68. Kh7 {[%emt 0:00:05]} Rh1+ {[%emt 0:00:04]} 69. Kg8 {[%emt 0:00:03]} f5 {[%emt 0:00:16]} 70. Ra7+ {[%emt 0:01:54]} Kf6 {[%emt 0:00:40]} 71. Kf8 {[%emt 0:00:27]} Rg1 {[%emt 0:00:02]} 72. g8=Q {[%emt 0:00:53]} Rxg8+ {[%emt 0:00:02]} 73. Kxg8 {[%emt 0:00:02]} f4 {[%emt 0:00:01]} 74. Ra5 {[%emt 0:00:22]} 1-0

[Event "Irish International Open 2019"]
[Site "Dublin"]
[Date "2019.04.19"]
[Round "4.6"]
[White "Jackson, James P"]
[Black "Moran, Stephen"]
[Result "1-0"]
[WhiteElo "2388"]
[BlackElo "2165"]
[Annotator "NA"]
[PlyCount "53"]
[EventDate "2019.02.28"]
[EventType "swiss"]
[EventCountry "IRL"]
[SourceTitle "playchess.com"]
[Source "ChessBase"]
[SourceQuality "1"]
[TimeControl "5400+30"]

1. e4 {[%emt 0:00:00]} e6 {[%emt 0:00:00]} 2. d4 {[%emt 0:00:00]} d5 {[%emt 0:00:00]} 3. Nc3 {[%emt 0:00:00]} Nf6 {[%emt 0:00:15]} 4. e5 {[%emt 0:00:03]} Nfd7 {[%emt 0:00:05]} 5. f4 {[%emt 0:00:04]} c5 {[%emt 0:00:06]} 6. Nf3 {[%emt 0:00:05]} Nc6 {[%emt 0:00:06]} 7. Be3 {[%emt 0:00:04]} Be7 {[%emt 0:01:47]} 8. Qd2 {[%emt 0:00:25]} O-O {[%emt 0:00:54]} 9. dxc5 {[%emt 0:00:21]} Qa5 {[%emt 0:03:17]} 10. O-O-O {[%emt 0:01:41]} b6 {[%emt 0:03:14]} 11. Bb5 {[%emt 0:01:41]} Nb4 {[%emt 0:02:37]} 12. a3 {[%emt 0:00:31]} bxc5 {[%emt 0:01:14]} 13. Kb1 {[%emt 0:01:07]} Nb6 {[%emt 0:00:57]} 14. f5 {[%emt 0:03:20]} d4 {[%emt 0:17:41]} 15. axb4 {[%emt 0:00:31]} cxb4 {[%emt 0:00:26]} 16. Nxd4 {[%emt 0:01:09]} bxc3 {[%emt 0:00:53]} 17. Qe2 {[%emt 0:01:19]} Bb7 {[%emt 0:42:03]} 18. Nb3 {[%emt 0:00:20]} Qb4 {[%emt 0:01:57]} 19. Rd4 {[%emt 0:00:11]} Nd5 {[%emt 0:02:40]} 20. Rxb4 {[%emt 0:00:39]} Bxb4 {[%emt 0:00:05]} 21. Bc4 {[%emt 0:12:38]} a5 {[%emt 0:01:00]} 22. Bxd5 {[%emt 0:07:18]} Bxd5 {[%emt 0:00:07]} 23. bxc3 {[%emt 0:00:15]} Bxc3 {[%emt 0:00:27]} 24. Bd2 {[%emt 0:02:48]} a4 $18 {[%emt 0:02:23]} 25. Bxc3 {[%emt 0:00:07]} Rfb8 {[%emt 0:00:11]} 26. Bb2 {[%emt 0:05:50]} axb3 {[%emt 0:00:16]} 27. c4 {[%emt 0:00:07]} 1-0

[Event "Irish International Open 2019"]
[Site "Dublin"]
[Date "2019.04.19"]
[Round "4.7"]
[White "Longson, Alexander"]
[Black "Murphy, Sean"]
[Result "*"]
[WhiteElo "2318"]
[BlackElo "1976"]
[Annotator "NA RC"]
[PlyCount "115"]
[EventDate "2019.02.28"]
[EventType "swiss"]
[EventCountry "IRL"]
[SourceTitle "playchess.com"]
[Source "ChessBase"]
[SourceQuality "1"]
[TimeControl "5400+30"]

1. Nf3 {[%emt 0:00:00]} d5 {[%emt 0:00:11]} 2. d4 {[%emt 0:00:22]} Nf6 {[%emt 0:00:07]} 3. c4 {[%emt 0:00:20]} c6 {[%emt 0:00:09]} 4. e3 {[%emt 0:03:26]} Bf5 {[%emt 0:00:08]} 5. Nc3 {[%emt 0:00:31]} e6 {[%emt 0:00:13]} 6. Be2 {[%emt 0:00:26]} dxc4 {[%emt 0:01:57]} 7. Bxc4 {[%emt 0:01:04]} b5 {[%emt 0:04:59]} 8. Be2 {[%emt 0:02:29]} b4 {[%emt 0:03:19]} 9. Na4 {[%emt 0:05:57]} Nbd7 {[%emt 0:01:58]} 10. O-O {[%emt 0:03:25]} Be7 {[%emt 0:00:32]} 11. Nh4 {[%emt 0:07:41]} Be4 {[%emt 0:00:22]} 12. f3 {[%emt 0:01:16]} Bg6 {[%emt 0:00:17]} 13. Nxg6 {[%emt 0:05:22]} hxg6 {[%emt 0:00:22]} 14. e4 {[%emt 0:00:20]} O-O {[%emt 0:04:19]} 15. Be3 {[%emt 0:02:39]} Qa5 {[%emt 0:04:45]} 16. b3 {[%emt 0:13:56]} Rfd8 {[%emt 0:06:42]} 17. Qd3 {[%emt 0:09:52]} a6 {[%emt 0:09:19]} 18. Rfd1 {[%emt 0:00:22]} c5 {[%emt 0:01:23]} 19. Rac1 {[%emt 0:03:04]} cxd4 {[%emt 0:04:35]} 20. Qxd4 {[%emt 0:00:24]} Nc5 {[%emt 0:03:10]} 21. Rxc5 {[%emt 0:01:48]} Bxc5 {[%emt 0:00:51]} 22. Qxc5 {[%emt 0:00:13]} Rxd1+ {[%emt 0:00:36]} 23. Bxd1 {[%emt 0:00:06]} Qd8 {[%emt 0:03:43]} 24. Be2 {[%emt 0:01:09]} Rc8 {[%emt 0:00:54]} 25. Qd4 {[%emt 0:08:32]} Qe7 {[%emt 0:13:36]} 26. Bxa6 {[%emt 0:01:27]} Rd8 {[%emt 0:01:18]} 27. Qa1 {[%emt 0:05:13]} g5 {[%emt 0:02:20]} 28. Be2 {[%emt 0:02:58]} g4 {[%emt 0:01:40]} 29. Nc5 {[%emt 0:03:33]} gxf3 {[%emt 0:01:18]} 30. gxf3 {[%emt 0:00:03]} Rc8 {[%emt 0:01:13]} 31. Qe5 {[%emt 0:08:18]} Ra8 {[%emt 0:03:05]} 32. Qb2 {[%emt 0:01:03]} Rc8 {[%emt 0:03:57]} 33. Nd3 {[%emt 0:00:24]} Nh5 {[%emt 0:05:08]} 34. Qd2 {[%emt 0:01:01]} Qh4 {[%emt 0:02:51]} 35. Bg5 {[%emt 0:03:00]} Rc2 {[%emt 0:01:17]} 36. Qxc2 {[%emt 0:01:00]} Qxg5+ {[%emt 0:00:02]} 37. Kf1 {[%emt 0:01:11]} Qh4 {[%emt 0:01:39]} 38. Bd1 {[%emt 0:00:16]} g6 {[%emt 0:04:09]} 39. Qd2 {[%emt 0:00:51]} e5 {[%emt 0:00:16]} 40. Kg2 {[%emt 0:01:23]} Qd8 {[%emt 0:00:12]} 41. Be2 {[%emt 0:01:12]} Qd4 {[%emt 0:01:04]} 42. Qc1 {[%emt 0:00:45]} Kh7 {[%emt 0:00:35]} 43. Kf1 {[%emt 0:00:24]} Qd7 {[%emt 0:01:23]} 44. Qc5 {[%emt 0:00:40]} Qh3+ {[%emt 0:01:39]} 45. Kg1 {[%emt 0:00:02]} f6 {[%emt 0:01:13]} 46. Qe7+ {[%emt 0:00:39]} Kh6 {[%emt 0:00:01]} 47. Qf8+ {[%emt 0:00:09]} Kg5 {[%emt 0:00:31]} 48. Qxb4 {[%emt 0:00:19]} Qd7 {[%emt 0:02:24]} 49. Qc5 {[%emt 0:01:22]} Kh6 {[%emt 0:00:43]} 50. a4 {[%emt 0:00:56]} Ng7 {[%emt 0:00:09]} 51. Qd5 {[%emt 0:01:27]} Qc7 {[%emt 0:00:20]} 52. Qc4 {[%emt 0:00:44]} Qb6+ {[%emt 0:00:20]} 53. Kf1 {[%emt 0:00:16]} Ne6 {[%emt 0:00:28]} 54. a5 {[%emt 0:00:27]} Qd6 {[%emt 0:00:01]} 55. Qd5 {[%emt 0:00:37]} Qe7 {[%emt 0:00:25]} 56. a6 {[%emt 0:00:41]} Nd4 {[%emt 0:00:02]} 57. f4 {[%emt 0:00:38]} Qa3 {[%emt 0:01:20]} 58. Qg8 {[%emt 0:00:21]} *

[Event "Irish International Open 2019"]
[Site "Dublin"]
[Date "2019.04.19"]
[Round "4.8"]
[White "Melaugh, Gavin"]
[Black "De Verdier, Michael"]
[Result "0-1"]
[WhiteElo "2109"]
[BlackElo "2306"]
[Annotator "NA"]
[PlyCount "90"]
[EventDate "2019.02.28"]
[EventType "swiss"]
[EventCountry "IRL"]
[SourceTitle "playchess.com"]
[Source "ChessBase"]
[SourceQuality "1"]
[TimeControl "5400+30"]

1. c4 {[%emt 0:01:46]} b6 {[%emt 0:00:00]} 2. Nc3 {[%emt 0:00:16]} Bb7 {[%emt 0:00:07]} 3. d4 {[%emt 0:00:21]} e6 {[%emt 0:00:16]} 4. e4 {[%emt 0:00:13]} Bb4 {[%emt 0:00:08]} 5. Qc2 {[%emt 0:00:28]} Qh4 {[%emt 0:01:18]} 6. Bd3 {[%emt 0:23:04]} f5 {[%emt 0:01:07]} 7. Nf3 {[%emt 0:03:56]} Bxc3+ {[%emt 0:00:24]} 8. Qxc3 {[%emt 0:10:47]} Qg4 {[%emt 0:02:52]} 9. O-O {[%emt 0:26:31]} fxe4 {[%emt 0:02:25]} 10. h3 {[%emt 0:07:16]} Qh5 {[%emt 0:22:39]} 11. d5 {[%emt 0:00:15]} Nf6 {[%emt 0:01:29]} 12. Bxe4 {[%emt 0:00:33]} O-O {[%emt 0:05:54]} 13. Bc2 {[%emt 0:05:19]} exd5 {[%emt 0:02:04]} 14. Nd4 {[%emt 0:01:53]} dxc4 {[%emt 0:10:48]} 15. Qxc4+ {[%emt 0:00:50]} Qd5 {[%emt 0:01:33]} 16. Qxd5+ {[%emt 0:00:07]} Bxd5 {[%emt 0:01:13]} 17. Bf4 {[%emt 0:02:04]} c5 {[%emt 0:03:45]} 18. Nb5 {[%emt 0:06:25]} Ne8 {[%emt 0:03:08]} 19. Bxb8 {[%emt 0:04:52]} Rxb8 {[%emt 0:01:16]} 20. Nxa7 {[%emt 0:00:13]} b5 {[%emt 0:08:30]} 21. Rfd1 {[%emt 0:01:15]} Be6 {[%emt 0:00:38]} 22. a4 {[%emt 0:00:52]} bxa4 {[%emt 0:01:17]} 23. Rxa4 {[%emt 0:01:38]} Rxb2 {[%emt 0:00:38]} 24. Be4 {[%emt 0:00:32]} Bb3 {[%emt 0:04:04]} 25. Bd5+ {[%emt 0:00:02]} Bxd5 {[%emt 0:00:06]} 26. Rxd5 {[%emt 0:00:02]} Rfxf2 {[%emt 0:00:30]} 27. Rg5 {[%emt 0:01:11]} h6 {[%emt 0:01:00]} 28. Rg6 {[%emt 0:00:36]} Kh7 {[%emt 0:01:37]} 29. Rag4 {[%emt 0:00:05]} Rf6 {[%emt 0:00:33]} 30. Rxf6 {[%emt 0:00:10]} Nxf6 {[%emt 0:00:04]} 31. Rc4 {[%emt 0:00:09]} Rb1+ {[%emt 0:00:29]} 32. Kh2 {[%emt 0:00:08]} Rb7 {[%emt 0:02:06]} 33. Nc8 {[%emt 0:00:12]} Rc7 {[%emt 0:00:12]} 34. Nd6 {[%emt 0:00:41]} Rc6 {[%emt 0:00:20]} 35. Nb7 {[%emt 0:00:30]} d6 {[%emt 0:00:06]} 36. g4 {[%emt 0:00:44]} Rb6 {[%emt 0:01:10]} 37. Na5 {[%emt 0:01:36]} Rb5 {[%emt 0:02:33]} 38. Nc6 {[%emt 0:00:02]} d5 {[%emt 0:00:56]} 39. Rf4 {[%emt 0:01:04]} Rb2+ {[%emt 0:00:22]} 40. Kg1 {[%emt 0:00:24]} c4 {[%emt 0:00:38]} 41. Ne5 {[%emt 0:00:47]} c3 {[%emt 0:01:33]} 42. Nd3 {[%emt 0:00:24]} Rd2 {[%emt 0:01:00]} 43. Ne1 {[%emt 0:00:32]} c2 {[%emt 0:01:02]} 44. Nxc2 {[%emt 0:00:16]} Rxc2 {[%emt 0:00:02]} 45. Rd4 {[%emt 0:00:16]} Kg6 {[%emt 0:00:19]} 0-1